| 000 | 00886nam a2200301 a 4500 | ||
|---|---|---|---|
| 003 | AR-BaBNM | ||
| 005 | 20251128203625.0 | ||
| 008 | 082120s2002 ||||||||||||||000 | spa|| | ||
| 040 | _cAR-BaBNM | ||
| 245 | 0 | 0 |
_aNueva geografía Marín _bAmérica y las zonas polares. 6 |
| 260 |
_aBarcelona _bMarín _c1970 |
||
| 300 |
_a576 p. _bil., láms., mapas |
||
| 500 | _aAl final de la obra se encuentra un índice geográfico p. 1-90 | ||
| 650 | 4 | _aGEOGRAFIA | |
| 650 | 4 | _aGEOGRAFIA FISICA | |
| 650 | 4 | _aGEOGRAFIA HUMANA | |
| 650 | 4 | _aGEOGRAFIA REGIONAL | |
| 650 | 4 | _aCIENCIAS DE LA TIERRA | |
| 650 | 4 | _aDATOS GEOGRAFICOS | |
| 650 | 4 | _aGEOGRAFIA CULTURAL | |
| 650 | 4 | _aZONAS GEOGRAFICAS Y PAISES | |
| 651 | 4 | _aAmérica del Sur | |
| 651 | 4 | _aAmérica del Norte | |
| 651 | 4 | _aAmérica Central | |
| 700 | 1 |
_aMarín Correa, Manuel _edirector |
|
| 942 | _cBK | ||
| 998 | _cMariana | ||
| 999 |
_c4190 _d4190 |
||